000 02375cam a22003494a 4500
001 13751
003 BD-RjUL
005 20211208235515.0
008 140201s2011 caua b 000 0 eng
020 _a9780470769508
020 _a0470769505
035 _a(BD-RjUL)13803
040 _aDLC
_cDLC
_dYDX
_dBTCTA
_dYDXCP
_dUKM
_dDLC
_dBD-RjUL
_beng
041 _aeng
082 0 0 _a158
_222
_bMAS 2011
100 1 _aMay, Matthew E.
_943028
245 1 4 _aThe shibumi strategy :
_ba powerful way to create meaningful change /
_cMatthew E. May.
250 _a1st ed.
260 _aSan Francisco, CA :
_bJossey-Bass,
_cc2011.
300 _avii, 162 p. :
_bill. ;
_c19 cm.
500 _a"A personal leadership fable".
504 _aIncludes bibliographical references.
520 _a"A personal leadership fable on applying principles of Zen to work and life choices. The Shibumi Strategy is a little book about a big breakthrough. It tells the story of a hardworking family man who finds himself in crisis when his company closes. Through his struggle, and guidance from unlikely sources, he learns subtle lessons in the form of "personal zen" principles, coming to understand that it is often the involuntary challenge, the setbacks, that harbor the power to transform. When approached as an opportunity - no easy task-unforeseen trials can sometimes result in an altogether new lease on life. Shows how "personal leadership" can lead to real (and not always easy) breakthroughs. Includes key lessons on commitment, preparation, struggle, breakthrough, and transformation. Is based on Shibumi, a Japanese word without literal definition the describes the height of personal excellence, elegant performance, and effortless effectiveness. For those struggling with personal breakthroughs, The Shubimi Strategy offers a new way to face work and life challenges for balanced solutions."--
650 0 _aCommitment (Psychology)
_943029
650 0 _aZen Buddhism.
_943030
856 4 2 _3Publisher description
_uhttp://catdir.loc.gov/catdir/enhancements/fy1010/2010025176-d.html
856 4 1 _3Table of contents only
_uhttp://catdir.loc.gov/catdir/enhancements/fy1010/2010025176-t.html
856 4 2 _3Contributor biographical information
_uhttp://catdir.loc.gov/catdir/enhancements/fy1013/2010025176-b.html
942 _2ddc
_cBK
999 _c13751
_d13751